000 00468nam a2200169 a 4500
001 0000-9047
003 ELIB.Books
008 110520 1959
035 _a(ELIB.Books)0000-9196
082 _a225.7
_bMar
100 _aMartin, Ralph P.
245 _aTyndale (The Epistle of Paul to the Philippians)
260 _bGrand Rapids: Wm. B. Eerdmans Publishing Co.
_c1959
650 _aCommentaries
942 _2ddc
_cBK
998 _cbat
_e2011-05-20
999 _c9047
_d9047